Three men in a boat, to say nothing of the dog! /

Bibliographic Details
Main Author: Jerome, Jerome K. (Jerome Klapka), 1859-1927
Corporate Author: Limited Editions Club
Other Authors: Gibbons, Stella, 1902-1989, Griffiths, John, 1926-2012
Format: Book
Language:English
Published: Ipswich [England] : W. S. Cowell, Ltd. for the Members of The Limited Editions Club, 1975.

MARC

Tag First Indicator Second Indicator Subfields
LEADER 00000cam a2200000 4500
001 in00000623021
005 20151015051135.0
008 750808s1975 enka 00011 eng d
035 |a (OCoLC)01524402 
035 |9 ACT4732AM 
040 |a IVD  |c IVD  |d TXA  |d UtOrBLW 
049 |a TXAS  |c [1098309] 
090 |a PZ3.J483  |b Thm 1975 
100 1 |a Jerome, Jerome K.  |q (Jerome Klapka),  |d 1859-1927. 
245 1 0 |a Three men in a boat, to say nothing of the dog! /  |c [by] Jerome K. Jerome. With an introduction by Stella Gibbons and drawings by John Griffiths. 
264 1 |a Ipswich [England] :  |b W. S. Cowell, Ltd. for the Members of The Limited Editions Club,  |c 1975. 
300 |a xv, 174 pages :  |b illustrations (part. color) ;  |c 24 x 29 cm. 
336 |a text  |b txt  |2 rdacontent 
337 |a unmediated  |b n  |2 rdamedia 
338 |a volume  |b nc  |2 rdacarrier 
500 |a Issued in slipcase. 
500 |a This is copy number 1275 of two thousand and is signed by the artist John Griffiths. 
500 |a Title from flyleaf: The journey of three men in a boat upon the river Thames. 
700 1 |a Gibbons, Stella,  |d 1902-1989. 
700 1 |a Griffiths, John,  |d 1926-2012. 
710 2 |a Limited Editions Club. 
740 4 |a The journey of three men in a boat upon the river Thames. 
999 |a MARS 
999 f f |s 112521de-8602-32a7-81b0-b7ca4e98f723  |i 05e94311-afd6-3992-af16-0f1a2c4bafc6  |t 0 
952 f f |p noncirc  |a Texas A&M University  |b College Station  |c Cushing Memorial Library & Archives  |d Cushing: Rare Books (Does not check out)  |t 0  |e PZ3.J483 Thm 1975  |h Library of Congress classification  |i unmediated -- volume  |m A14800417084 
998 f f |a PZ3.J483 Thm 1975  |t 0  |l Cushing: Rare Books (Does not check out)